Score 0/16 Timer 05:00
28 Plays Today
% Correct
Dwight Schrute
98%
Michael Scott
97.5%
Pam Beesly
97.3%
Jim Halpert
97.2%
Toby Flenderson
90.6%
Angela Martin
90.1%
Oscar Martinez
90%
Creed Bratton
88.3%
% Correct
Kevin Malone
88.3%
Stanley Hudson
88.2%
Ryan Howard
87.1%
Kelly Kapoor
86.6%
Phyllis Lapin-Vance
85.2%
Jan Levinson
84.4%
Meredith Palmer
83.9%
Roy Anderson
82.4%
Come Together.
Have Fun.
All Virtual.
We all need to come together. Play Sporcle's virtual live trivia to have fun, connect with people, and get your trivia on. Join a live hosted trivia game for your favorite pub trivia experience done virtually. If a virtual private party is more your thing, go here for details.

You're not logged in!

Compare scores with friends on all Sporcle quizzes.
OR
Log In

Sporcle TV

Today on Sporcle TV


Watch our educational content, quiz creation guides, and fun videos on Sporcle TV.

Show Comments

Extras

Top Quizzes Today


Score Distribution

Paid Content

Your Account Isn't Verified!

In order to create a playlist on Sporcle, you need to verify the email address you used during registration. Go to your Sporcle Settings to finish the process.

Report this User

Report this user for behavior that violates our Community Guidelines.

Details: